[Event "NZL-ch Rapid 131st"]
[Site "Palmerston North"]
[Date "2024.01.12"]
[Round "5.2"]
[White "Dive, Russell John"]
[Black "Zhang, Kendrick Botong"]
[Result "1-0"]
[WhiteElo "2194"]
[BlackElo "1815"]
[PlyCount "85"]
[EventDate "2024.01.11"]
[EventType "swiss (rapid)"]
[EventRounds "9"]
[EventCountry "NZL"]
[SourceTitle "CB03_2024"]
[SourceDate "2024.01.17"]
[SourceVersion "1"]
[SourceVersionDate "2024.01.17"]
[SourceQuality "1"]

1. Nf3 Nf6 2. c4 e6 3. g3 b6 4. Bg2 Bb7 5. 0-0 c5 6. Nc3 d5 7. cxd5 Nxd5 8. d4 Nxc3 9. bxc3 Nd7 10. Re1 cxd4 11. cxd4 Bb4 12. Bd2 Bxd2 13. Qxd2 Nf6 14. Qb4 Nd5 15. Qa4+ Qd7 16. Qb3 0-0 17. Ne5 Qe7 18. e4 Nf6 19. Rad1 Rfd8 20. d5 exd5 21. exd5 Qd6 22. Nc6 Rd7 23. a4 Ba6 24. h3 Rc7 25. Qa2 Nd7 26. Ne7+ Kf8 27. Nf5 Qc5 28. d6 Rb7 29. Qd5 Qc3 30. Re7 Qf6 31. Rxd7 Rab8 32. Rxb7 Bxb7 33. Qd3 Bxg2 34. Kxg2 g6 35. Ne7 Rd8 36. Nc6 Rd7 37. Qd5 a6 38. Ne5 Rd8 39. d7 b5 40. Nc6 Rxd7 41. Qxd7 bxa4 42. Qd8+ Qxd8 43. Rxd8+ 1-0

[Event "NZL-ch Rapid 131st"]
[Site "Palmerston North"]
[Date "2024.01.12"]
[Round "8.2"]
[White "Timergazi, Layla"]
[Black "Dive, Russell John"]
[Result "1/2-1/2"]
[WhiteElo "1995"]
[BlackElo "2194"]
[PlyCount "97"]
[EventDate "2024.01.11"]
[EventType "swiss (rapid)"]
[EventRounds "9"]
[EventCountry "NZL"]
[SourceTitle "CB03_2024"]
[SourceDate "2024.01.17"]
[SourceVersion "1"]
[SourceVersionDate "2024.01.17"]
[SourceQuality "1"]

1. d4 Nf6 2. c4 e6 3. Nc3 Bb4 4. g3 0-0 5. Bg2 d5 6. Nf3 dxc4 7. a3 Be7 8. Ne5 c5 9. dxc5 Qxd1+ 10. Nxd1 Bxc5 11. 0-0 Rd8 12. Nc3 Be7 13. Bg5 h6 14. Bxf6 Bxf6 15. Rfd1 Rxd1+ 16. Rxd1 Nc6 17. Nxc4 Rb8 18. Ne4 Be7 19. Ned6 Kf8 20. b4 Nd8 21. Ne5 Bxd6 22. Rxd6 Ke7 23. Rd2 f6 24. Ng6+ Ke8 25. Nf8 Nf7 26. Ng6 Bd7 27. Rc2 Rc8 28. Rxc8+ Bxc8 29. Nf4 Nd6 30. Nd3 b6 31. Kf1 Ba6 32. Nb2 Kd7 33. Ke1 Bb5 34. Kd2 Nc4+ 35. Nxc4 Bxc4 36. e3 Kd6 37. Kc3 Bd5 38. Bf1 g5 39. Kd4 e5+ 40. Kc3 f5 41. Ba6 Bg2 42. f4 gxf4 43. gxf4 Bf3 44. Kd2 exf4 45. exf4 Be4 46. Ke3 Bc2 47. Kd4 Be4 48. Bc8 Bc2 49. Ba6 1/2-1/2

[Event "NZL-ch op 131st"]
[Site "Palmerston North"]
[Date "2024.01.08"]
[Round "7"]
[White "Dive, Russell John"]
[Black "Lee, Miles"]
[Result "1-0"]
[WhiteElo "2194"]
[BlackElo "1968"]
[PlyCount "139"]
[EventDate "2024.01.02"]
[EventType "swiss"]
[EventRounds "9"]
[EventCountry "NZL"]
[SourceTitle "CB03_2024"]
[SourceDate "2024.01.17"]
[SourceVersion "1"]
[SourceVersionDate "2024.01.17"]
[SourceQuality "1"]

1. Nf3 d5 2. c4 d4 3. g3 Nc6 4. d3 e5 5. Bg2 Bb4+ 6. Nbd2 a5 7. 0-0 Nf6 8. Qc2 Be7 9. a3 0-0 10. Rb1 h6 11. c5 Nd5 12. Nc4 Bf6 13. Bd2 Re8 14. b4 axb4 15. axb4 Nc3 16. Bxc3 dxc3 17. e3 Bf5 18. Ne1 e4 19. Bxe4 Rxe4 20. dxe4 Be6 21. Qe2 Bxc4 22. Qxc4 Ne5 23. Qd5 Qc8 24. Kg2 c6 25. Qb3 Qg4 26. f3 Qg6 27. Nc2 Rd8 28. Nd4 Ng4 29. Qxc3 Nxe3+ 30. Qxe3 Bxd4 31. Qe2 Bf6 32. Rfd1 Re8 33. b5 h5 34. bxc6 bxc6 35. Rd6 h4 36. Rxc6 Qh5 37. Qd1 h3+ 38. Kh1 Ra8 39. f4 Qg6 40. f5 Qg5 41. Qe2 Kh7 42. Rd6 Ra3 43. Rd3 Rxd3 44. Qxd3 Be5 45. Rd1 Qe7 46. g4 Qh4 47. Qf3 Kg8 48. c6 Bc7 49. Kg1 Be5 50. Kf1 Bxh2 51. Rd3 Be5 52. Qxh3 Qg5 53. Ke2 Qf6 54. Rd7 Bf4 55. Qb3 Kh7 56. Qxf7 Qb2+ 57. Kf3 Qc3+ 58. Kxf4 Qc1+ 59. Ke5 Qc5+ 60. Qd5 Qc3+ 61. Kd6 Qa3+ 62. Ke6 Qc3 63. e5 Qc1 64. f6 Kh8 65. fxg7+ Kh7 66. g8Q+ Kxg8 67. Kf6+ Kh8 68. Rd8+ Kh7 69. Qf7+ Kh6 70. Qg6# 1-0

[Event "NZL-ch op-A 130th"]
[Site "Wellington"]
[Date "2023.01.06"]
[Round "5"]
[White "Dive, Russell John"]
[Black "Shoker, Samy"]
[Result "1/2-1/2"]
[WhiteElo "2232"]
[BlackElo "2491"]
[PlyCount "127"]
[EventDate "2023.01.02"]
[EventType "swiss"]
[EventRounds "9"]
[EventCountry "NZL"]
[SourceTitle "CBM 212 Extra"]
[Source "ChessBase"]
[SourceDate "2023.03.31"]
[SourceVersion "1"]
[SourceVersionDate "2023.03.31"]
[SourceQuality "1"]

1. Nf3 g6 2. c4 Bg7 3. Nc3 d6 4. g3 Nf6 5. Bg2 0-0 6. 0-0 c6 7. d4 Nbd7 8. e4 e5 9. h3 Re8 10. Re1 a6 11. Bg5 Qb6 12. Na4 Qc7 13. dxe5 Nxe5 14. Nxe5 dxe5 15. c5 Be6 16. Qc2 Rad8 17. Rad1 Rxd1 18. Rxd1 Nd7 19. Bf1 Nf8 20. Nb6 h6 21. Be3 f5 22. Rd6 f4 23. gxf4 exf4 24. Bxf4 Qf7 25. Bg3 Bxa2 26. Nc4 Ne6 27. Rxe6 Rxe6 28. b3 Bxb3 29. Qxb3 Rxe4 30. Qc2 Re1 31. Ne3 Kh7 32. Kg2 a5 33. Bc4 Qf6 34. Qd2 Ra1 35. Qd7 h5 36. h4 a4 37. Nc2 Rc1 38. Qd2 Rb1 39. Bd3 Rb2 40. Qe2 Kh6 41. Qe4 Rb3 42. Be5 Qf5 43. Qe3+ Kh7 44. Bxf5 Rxe3 45. fxe3 Bxe5 46. Bc8 Bb2 47. Bxb7 a3 48. Nb4 Bc3 49. Na2 Bf6 50. Bxc6 Be7 51. Bd5 Bxc5 52. e4 Be7 53. Kh3 Kh6 54. e5 g5 55. hxg5+ Kxg5 56. Nc3 Kf5 57. e6 Ke5 58. Ba2 Kd4 59. Nd5 Bd8 60. e7 Bxe7 61. Nxe7 Kc3 62. Nc6 Kb2 63. Nb4 Kc3 64. Nd5+ 1/2-1/2

[Event "NZL-ch op-A 130th"]
[Site "Wellington"]
[Date "2023.01.05"]
[Round "4"]
[White "Dive, Russell John"]
[Black "Croad, Nicholas"]
[Result "1/2-1/2"]
[WhiteElo "2232"]
[BlackElo "2218"]
[PlyCount "129"]
[EventDate "2023.01.02"]
[EventType "swiss"]
[EventRounds "9"]
[EventCountry "NZL"]
[SourceTitle "CBM 212 Extra"]
[Source "ChessBase"]
[SourceDate "2023.03.31"]
[SourceVersion "1"]
[SourceVersionDate "2023.03.31"]
[SourceQuality "1"]

1. c4 e6 2. Nf3 d5 3. g3 Nf6 4. Bg2 d4 5. 0-0 c5 6. b4 cxb4 7. a3 a5 8. d3 Ra6 9. e3 Nc6 10. Bb2 dxe3 11. fxe3 Be7 12. axb4 Nxb4 13. d4 0-0 14. Nc3 Ng4 15. Qe2 Bg5 16. Nxg5 Qxg5 17. Bc1 e5 18. Ne4 Qg6 19. Nc5 Rd6 20. Ne4 Ra6 21. Nc5 Rd6 22. Ne4 Rdd8 23. Rxa5 f5 24. Nc3 exd4 25. exd4 Qb6 26. Rd5 Nxd5 27. Bxd5+ Kh8 28. Qd3 Be6 29. Kg2 Qa6 30. h3 Nh6 31. Bxe6 Qxe6 32. d5 Qa6 33. Bg5 Rd7 34. Nb5 Ng8 35. Rf2 Qg6 36. Bc1 h5 37. h4 Rf6 38. Bg5 Rf8 39. Nd4 Nh6 40. Bxh6 Qxh6 41. Rxf5 Rdf7 42. Rxf7 Rxf7 43. Ne6 Rf6 44. Qe2 Qg6 45. Ng5 Kg8 46. c5 Rf5 47. d6 Rd5 48. Qa2 Qf5 49. Qa8+ Qf8 50. Qa2 Qf5 51. Qa8+ Qf8 52. Qxf8+ Kxf8 53. Ne6+ Kf7 54. Nd8+ Ke8 55. Nxb7 Kd7 56. Kf3 Kc6 57. Ke4 Rd1 58. Nd8+ Kxc5 59. Ne6+ Kxd6 60. Nxg7 Rd5 61. Kf4 Ke7 62. g4 Rd4+ 63. Kg5 Rxg4+ 64. Kh6 Rxh4 65. Nxh5 1/2-1/2

[Event "NZL-ch rapid op 130th"]
[Site "Wellington"]
[Date "2023.01.04"]
[Round "3"]
[White "Dive, Russell John"]
[Black "Zhu, David Junyang"]
[Result "1-0"]
[WhiteElo "2232"]
[BlackElo "1585"]
[PlyCount "67"]
[EventDate "2023.01.04"]
[EventType "swiss (rapid)"]
[EventRounds "9"]
[EventCountry "NZL"]
[SourceTitle "CBM 212 Extra"]
[Source "ChessBase"]
[SourceDate "2023.03.31"]
[SourceVersion "1"]
[SourceVersionDate "2023.03.31"]
[SourceQuality "1"]

1. Nf3 Nf6 2. c4 g6 3. g3 Bg7 4. Bg2 d6 5. 0-0 0-0 6. Nc3 Nc6 7. Rb1 a5 8. a3 e5 9. d3 Nh5 10. b4 axb4 11. axb4 f5 12. Qb3 Kh8 13. c5 Nd4 14. Nxd4 exd4 15. Nb5 dxc5 16. bxc5 f4 17. Bb2 fxg3 18. hxg3 c6 19. Nd6 Qe7 20. Bf3 Ra5 21. Qb4 Ra7 22. Bxd4 Bxd4 23. Qxd4+ Qg7 24. Qxg7+ Nxg7 25. Rb4 Nf5 26. Nxc8 Rxc8 27. Rfb1 Rc7 28. Re4 Re7 29. Rxe7 Nxe7 30. d4 Nd5 31. Bxd5 cxd5 32. Rb6 Ra4 33. e3 Kg8 34. Rxb7 1-0

[Event "NZL-ch rapid op 130th"]
[Site "Wellington"]
[Date "2023.01.04"]
[Round "2"]
[White "Ha, Timothy Huy Minh"]
[Black "Dive, Russell John"]
[Result "1/2-1/2"]
[WhiteElo "1657"]
[BlackElo "2232"]
[PlyCount "122"]
[EventDate "2023.01.04"]
[EventType "swiss (rapid)"]
[EventRounds "9"]
[EventCountry "NZL"]
[SourceTitle "CBM 212 Extra"]
[Source "ChessBase"]
[SourceDate "2023.03.31"]
[SourceVersion "1"]
[SourceVersionDate "2023.03.31"]
[SourceQuality "1"]

1. d4 Nf6 2. Nf3 c5 3. d5 g6 4. Nc3 Bg7 5. Nd2 0-0 6. e4 d6 7. Be2 Na6 8. 0-0 Nc7 9. a4 b6 10. Rb1 Rb8 11. Qe1 a6 12. f4 b5 13. axb5 axb5 14. Bf3 b4 15. Nd1 Ba6 16. Be2 Bxe2 17. Qxe2 Nb5 18. Nf3 Qb6 19. h3 e6 20. dxe6 fxe6 21. c4 bxc3 22. bxc3 Qc6 23. e5 dxe5 24. Nxe5 Qe8 25. Qd3 Nd5 26. Bd2 c4 27. Qxc4 Na3 28. Rxb8 Qxb8 29. Qe2 Qa7+ 30. Kh2 Nb1 31. Bc1 Nbxc3 32. Nxc3 Nxc3 33. Qc4 Nd5 34. Qe2 Qa4 35. Nxg6 Re8 36. Ne5 Nc3 37. Qc4 Qxc4 38. Nxc4 Ne2 39. Be3 Rc8 40. Ne5 Rc3 41. Bg1 Nxf4 42. Bd4 Ne2 43. Bxc3 Nxc3 44. Nf3 Bf6 45. Rc1 Kf7 46. g4 Kg6 47. Kg2 Nd5 48. Rc6 h5 49. g5 Nf4+ 50. Kg3 Bxg5 51. Nxg5 Kxg5 52. h4+ Kf5 53. Ra6 Nd5 54. Ra8 Nf6 55. Rh8 e5 56. Kf3 e4+ 57. Kg3 e3 58. Ra8 Ke4 59. Ra4+ Kd3 60. Ra3+ Ke4 61. Ra4+ Kd3 1/2-1/2

[Event "NZL-ch rapid op 130th"]
[Site "Wellington"]
[Date "2023.01.04"]
[Round "4"]
[White "Shoker, Samy"]
[Black "Dive, Russell John"]
[Result "1-0"]
[WhiteElo "2491"]
[BlackElo "2232"]
[PlyCount "93"]
[EventDate "2023.01.04"]
[EventType "swiss (rapid)"]
[EventRounds "9"]
[EventCountry "NZL"]
[SourceTitle "CBM 212 Extra"]
[Source "ChessBase"]
[SourceDate "2023.03.31"]
[SourceVersion "1"]
[SourceVersionDate "2023.03.31"]
[SourceQuality "1"]

1. Nf3 d5 2. g3 c6 3. Bg2 Nf6 4. 0-0 e6 5. d3 Be7 6. Nbd2 0-0 7. e4 dxe4 8. dxe4 a5 9. e5 Nd5 10. Qe2 b6 11. Rd1 Ba6 12. c4 Nb4 13. Ne1 b5 14. Ne4 Qc7 15. a3 bxc4 16. axb4 axb4 17. Bf4 Nd7 18. Nf6+ Bxf6 19. exf6 e5 20. fxg7 Rfe8 21. Be3 Nf6 22. Bg5 Nd5 23. Qh5 e4 24. Nc2 c3 25. bxc3 Nxc3 26. Bf4 Qe7 27. Re1 b3 28. Nd4 b2 29. Nf5 Qf6 30. Nh6+ Kxg7 31. Ra5 Be2 32. Nf5+ Kh8 33. Bg5 Qg6 34. Qxg6 hxg6 35. Bf6+ Kh7 36. Rxa8 Rxa8 37. Bxc3 gxf5 38. Bxb2 Bc4 39. Rc1 Bd5 40. Bd4 Ra4 41. Be3 Kg6 42. h4 Ra2 43. Bf1 Ra8 44. Bc4 Ra4 45. Be2 Ra2 46. Kf1 f6 47. Ke1 1-0

[Event "Asian-ch Seniors 50"]
[Site "Auckland"]
[Date "2022.10.18"]
[Round "7"]
[White "Cabe, Arlan"]
[Black "Dive, Russell John"]
[Result "1-0"]
[WhiteElo "2285"]
[BlackElo "2252"]
[PlyCount "95"]
[EventDate "2022.10.15"]
[EventType "swiss"]
[EventRounds "9"]
[EventCountry "NZL"]
[SourceTitle "EXT 2024"]
[Source "ChessBase"]
[SourceDate "2023.10.10"]
[SourceVersion "1"]
[SourceVersionDate "2023.10.10"]
[SourceQuality "1"]

1. e4 e5 2. Nf3 Nf6 3. d4 Nxe4 4. Bd3 d5 5. Nxe5 Be7 6. Nc3 Nxc3 7. bxc3 0-0 8. Qh5 g6 9. Qf3 Bf6 10. 0-0 c5 11. Re1 Re8 12. Bg5 Re6 13. Bh6 Nc6 14. Qf4 cxd4 15. cxd4 Qe7 16. Qd2 Nxe5 17. dxe5 Bxe5 18. Rab1 Qc7 19. c4 d4 20. Be4 Qxc4 21. Rec1 Qa4 22. Bd5 Re8 23. Rc4 Qa6 24. Rxd4 Qf6 25. Rc4 Be6 26. Bg5 Bxh2+ 27. Kh1 Qf5 28. Be4 Qg4 29. Bd5 Qf5 30. Be4 Qe5 31. Rd4 h6 32. Bxh6 Qh5 33. Bf3 Qf5 34. Kxh2 Qxb1 35. Qc3 f6 36. Rf4 Rf8 37. Rxf6 Rf7 38. Rxf7 Kxf7 39. Qg7+ Ke8 40. Qf8+ Kd7 41. Qxa8 Qxa2 42. Qxb7+ Kd6 43. Bf4+ Kc5 44. Be3+ Kd6 45. Qc6+ Ke5 46. Qc7+ Kf6 47. Bd4+ Kg5 48. Qg3+ 1-0

[Event "Asian-ch Seniors 50"]
[Site "Auckland"]
[Date "2022.10.15"]
[Round "2"]
[White "Dive, Russell John"]
[Black "Ha, Huy Minh"]
[Result "1-0"]
[WhiteElo "2252"]
[BlackElo "1620"]
[PlyCount "91"]
[EventDate "2022.10.15"]
[EventType "swiss"]
[EventRounds "9"]
[EventCountry "NZL"]
[SourceTitle "EXT 2024"]
[Source "ChessBase"]
[SourceDate "2023.10.10"]
[SourceVersion "1"]
[SourceVersionDate "2023.10.10"]
[SourceQuality "1"]

1. c4 e6 2. g3 d5 3. Bg2 Nf6 4. Nf3 Be7 5. 0-0 0-0 6. d4 a6 7. a4 a5 8. Nc3 Na6 9. Bf4 c6 10. Ne5 Nd7 11. b3 Bg5 12. Bxg5 Qxg5 13. f4 Qh6 14. Nd3 f5 15. e3 Nf6 16. Ne5 Bd7 17. h3 Rad8 18. g4 g5 19. gxf5 gxf4 20. exf4 Bc8 21. fxe6 Bxe6 22. Qd3 Nb4 23. Qg3+ Kh8 24. f5 Bf7 25. Qf4 Qxf4 26. Rxf4 dxc4 27. bxc4 Bg8 28. Rh4 Bf7 29. Kf2 Nc2 30. Rd1 Bh5 31. Bf3 Be8 32. Rd2 Nb4 33. Ke3 b5 34. axb5 cxb5 35. Nxb5 Bxb5 36. Ng6+ Kg7 37. Nxf8 Rxf8 38. cxb5 Nfd5+ 39. Bxd5 Nxd5+ 40. Ke4 Nc3+ 41. Kd3 Nxb5 42. Rg2+ Kf6 43. Rh6+ Kf7 44. Rxh7+ Kf6 45. Rh6+ Kf7 46. Rb6 1-0

[Event "NZL-ch Rapid 129th"]
[Site "Christchurch"]
[Date "2022.01.12"]
[Round "6"]
[White "Dive, Russell John"]
[Black "Carpinter, Anthony Lawrence"]
[Result "1-0"]
[WhiteElo "2265"]
[BlackElo "2210"]
[PlyCount "67"]
[EventDate "2022.01.11"]
[EventType "swiss (rapid)"]
[EventRounds "9"]
[EventCountry "NZL"]
[SourceTitle "CBM 206 Extra"]
[Source "ChessBase"]
[SourceDate "2022.03.31"]
[SourceVersion "1"]
[SourceVersionDate "2022.03.31"]
[SourceQuality "1"]

1. Nf3 d5 2. c4 e6 3. g3 Nf6 4. Bg2 Be7 5. 0-0 d4 6. b4 0-0 7. Bb2 c5 8. d3 a5 9. bxc5 Bxc5 10. Ba3 Qe7 11. Qc1 Nc6 12. Bxc5 Qxc5 13. Qa3 Nb4 14. Nbd2 e5 15. Nb3 Qc7 16. Rab1 Ra6 17. Qb2 Nd7 18. a3 Nc6 19. e3 a4 20. Nbd2 Nc5 21. exd4 exd4 22. Nxd4 Nxd3 23. Nb5 Qd7 24. Qc3 Nc5 25. Ne4 Nxe4 26. Bxe4 Qh3 27. Bg2 Qh5 28. Nd6 Ne5 29. Nxc8 Rh6 30. Ne7+ Kh8 31. h4 f6 32. Nd5 g5 33. Nxf6 Rhxf6 34. Qxe5 1-0

[Event "NZL-ch Rapid 129th"]
[Site "Christchurch"]
[Date "2022.01.11"]
[Round "1"]
[White "Dive, Russell John"]
[Black "Yu, Zachary"]
[Result "1-0"]
[WhiteElo "2265"]
[BlackElo "1614"]
[PlyCount "89"]
[EventDate "2022.01.11"]
[EventType "swiss (rapid)"]
[EventRounds "9"]
[EventCountry "NZL"]
[SourceTitle "CBM 206 Extra"]
[Source "ChessBase"]
[SourceDate "2022.03.31"]
[SourceVersion "1"]
[SourceVersionDate "2022.03.31"]
[SourceQuality "1"]

1. Nf3 c5 2. c4 Nc6 3. Nc3 Nf6 4. d4 cxd4 5. Nxd4 g6 6. e4 d6 7. Be2 Bg7 8. Nc2 0-0 9. 0-0 a6 10. Be3 e5 11. h3 Be6 12. Qd2 Ne8 13. Rfd1 Qc8 14. Na4 Qc7 15. Nb6 Rd8 16. Rac1 f5 17. Nd5 Qf7 18. Bb6 Rd7 19. f3 f4 20. b4 Ne7 21. a4 g5 22. Nxe7+ Qxe7 23. Qc3 h5 24. c5 Kh7 25. b5 dxc5 26. Bxc5 Nd6 27. bxa6 bxa6 28. Nb4 g4 29. fxg4 hxg4 30. Bxg4 Bxg4 31. hxg4 Rh8 32. Nc6 Qe6 33. Bxd6 Rxd6 34. Rxd6 Qxd6 35. Qc5 Qe6 36. g5 Rc8 37. Rc3 Bf8 38. Qd5 Qg4 39. Qf7+ Bg7 40. Rh3+ Qxh3 41. gxh3 Rxc6 42. h4 Rc3 43. Kf2 Ra3 44. h5 Rxa4 45. h6 1-0

[Event "NZL-ch op 129th"]
[Site "Christchurch"]
[Date "2022.01.10"]
[Round "9"]
[White "Ker, Anthony F"]
[Black "Dive, Russell John"]
[Result "1-0"]
[WhiteElo "2303"]
[BlackElo "2265"]
[PlyCount "103"]
[EventDate "2022.01.02"]
[EventType "swiss"]
[EventRounds "9"]
[EventCountry "NZL"]
[SourceTitle "EXT 2023"]
[Source "ChessBase"]
[SourceDate "2022.10.05"]
[SourceVersion "1"]
[SourceVersionDate "2022.10.05"]
[SourceQuality "1"]

1. e4 e5 2. Nf3 Nf6 3. Nxe5 d6 4. Nf3 Nxe4 5. Nc3 Nxc3 6. dxc3 Be7 7. Be3 Nd7 8. Qd2 0-0 9. 0-0-0 Re8 10. Kb1 c6 11. Nd4 Nf6 12. h4 Ne4 13. Qc1 c5 14. Ne2 Bxh4 15. f3 Nf2 16. Bxf2 Bxf2 17. Qf4 Be3 18. Qh2 h6 19. Rxd6 Qa5 20. a3 Bf5 21. g4 Bg6 22. f4 Rad8 23. f5 Rxd6 24. Qxd6 Bh7 25. Bg2 Qd8 26. Qxd8 Rxd8 27. Bxb7 g6 28. Ng3 Kg7 29. Rf1 h5 30. gxh5 g5 31. Be4 Kh6 32. c4 g4 33. Bd5 Rd7 34. Ne4 Re7 35. b4 Re5 36. Ng3 Kg5 37. bxc5 Kh4 38. Ne4 g3 39. Rh1+ Kg4 40. Nf6+ Kxf5 41. Rf1+ Bf2 42. Nxh7 Re7 43. c6 Re8 44. Bg2 Ke5 45. Ng5 f5 46. Nh3 Be3 47. Rd1 f4 48. Ng5 Kf6 49. Ne4+ Ke5 50. Rd5+ Ke6 51. Bh3+ Ke7 52. Re5+ 1-0

[Event "Henderson Trusts op-A 43rd"]
[Site "Henderson"]
[Date "2021.06.07"]
[Round "5"]
[White "Ker, Anthony F"]
[Black "Dive, Russell John"]
[Result "1/2-1/2"]
[WhiteElo "2303"]
[BlackElo "2257"]
[PlyCount "60"]
[EventDate "2021.06.05"]
[EventType "swiss"]
[EventRounds "6"]
[EventCountry "NZL"]
[SourceTitle "EXT 2024"]
[Source "ChessBase"]
[SourceDate "2023.10.10"]
[SourceVersion "1"]
[SourceVersionDate "2023.10.10"]
[SourceQuality "1"]

1. e4 e5 2. Nf3 Nf6 3. Nxe5 d6 4. Nf3 Nxe4 5. Nc3 Nxc3 6. dxc3 Be7 7. Be3 Nd7 8. Qd2 0-0 9. 0-0-0 c6 10. Kb1 Re8 11. Nd4 Nf6 12. Bd3 Nd5 13. Rhe1 Bf6 14. Bg5 Rxe1 15. Rxe1 Bd7 16. h4 h6 17. Bxf6 Qxf6 18. g3 Re8 19. Rxe8+ Bxe8 20. c4 Ne7 21. Qe3 Qe5 22. Qe4 Kf8 23. Nf3 Qxe4 24. Bxe4 Bd7 25. Kc1 Ng8 26. Nd4 Nf6 27. Bf5 g6 28. Bxd7 Nxd7 29. Kd2 Ke7 30. b3 Nf6 1/2-1/2

[Event "Henderson Trusts op-A 43rd"]
[Site "Henderson"]
[Date "2021.06.05"]
[Round "2"]
[White "Dive, Russell John"]
[Black "Xie, Felix"]
[Result "1/2-1/2"]
[WhiteElo "2257"]
[BlackElo "2207"]
[PlyCount "99"]
[EventDate "2021.06.05"]
[EventType "swiss"]
[EventRounds "6"]
[EventCountry "NZL"]
[SourceTitle "EXT 2024"]
[Source "ChessBase"]
[SourceDate "2023.10.10"]
[SourceVersion "1"]
[SourceVersionDate "2023.10.10"]
[SourceQuality "1"]

1. Nf3 d5 2. d4 c5 3. dxc5 e6 4. a3 Bxc5 5. c4 Nf6 6. Nc3 0-0 7. e3 a6 8. cxd5 exd5 9. Be2 Nc6 10. b4 Ba7 11. b5 d4 12. bxc6 dxc3 13. Qb3 Qc7 14. Qxc3 Ne4 15. Qc4 Qxc6 16. Qxc6 bxc6 17. Ne5 c5 18. Nc4 Be6 19. Bb2 Rfd8 20. Be5 Bb8 21. f4 Bxc4 22. Bxc4 Bxe5 23. fxe5 Nd2 24. Rc1 Nxc4 25. Rxc4 Rd5 26. e6 fxe6 27. Ke2 Rad8 28. Rhc1 Rd2+ 29. Kf3 Rf8+ 30. Rf4 Rxf4+ 31. exf4 Rd5 32. g4 Kf7 33. Ke4 Ke7 34. Rb1 Rd6 35. Rb7+ Rd7 36. Rb6 Rd6 37. Rb7+ Kf6 38. g5+ Kg6 39. Rc7 Rd2 40. Rxc5 Rxh2 41. Rc6 Re2+ 42. Kf3 Re1 43. Rxa6 h6 44. gxh6 gxh6 45. Ra5 Ra1 46. Kg4 h5+ 47. Kh4 Rf1 48. Kg3 Rc1 49. Rg5+ Kf6 50. Rxh5 1/2-1/2

[Event "North Island-ch"]
[Site "Wellington"]
[Date "2021.04.05"]
[Round "7"]
[White "Dive, Russell John"]
[Black "Van der Hoorn, Thomas"]
[Result "1-0"]
[WhiteElo "2260"]
[BlackElo "1671"]
[PlyCount "71"]
[EventDate "2021.04.02"]
[EventType "swiss"]
[EventRounds "8"]
[EventCountry "NZL"]
[SourceTitle "EXT 2024"]
[Source "ChessBase"]
[SourceDate "2023.10.10"]
[SourceVersion "1"]
[SourceVersionDate "2023.10.10"]
[SourceQuality "1"]

1. Nf3 d5 2. g3 Nf6 3. Bg2 Nc6 4. d4 Bf5 5. 0-0 e6 6. c4 Be7 7. Nc3 Ne4 8. cxd5 exd5 9. Nd2 Nxc3 10. bxc3 Qd7 11. Re1 0-0-0 12. e4 dxe4 13. Nxe4 h5 14. Rb1 Na5 15. a4 a6 16. Qf3 Nc6 17. h4 f6 18. Rb2 Rdg8 19. Bf4 g5 20. hxg5 fxg5 21. d5 Nd8 22. Be5 Rh6 23. c4 h4 24. Qe3 Kb8 25. d6 cxd6 26. Nc5 Qc8 27. Nxb7 Nxb7 28. Bxb7 Qxb7 29. Rxb7+ Kxb7 30. Qf3+ Kb8 31. Qxf5 dxe5 32. Qf7 Rgh8 33. Qxe7 hxg3 34. Rb1+ Kc8 35. Qb7+ Kd8 36. fxg3 1-0

[Event "NZL-ch Rapid"]
[Site "Palmerston North"]
[Date "2021.01.12"]
[Round "5"]
[White "Dive, Russell John"]
[Black "Xie, Felix"]
[Result "1/2-1/2"]
[WhiteElo "2270"]
[BlackElo "1829"]
[PlyCount "97"]
[EventDate "2021.01.11"]
[EventType "swiss (rapid)"]
[EventRounds "9"]
[EventCountry "NZL"]
[SourceTitle "EXT 2024"]
[Source "ChessBase"]
[SourceDate "2023.10.10"]
[SourceVersion "1"]
[SourceVersionDate "2023.10.10"]
[SourceQuality "1"]

1. Nf3 c5 2. c4 Nc6 3. Nc3 g6 4. d4 cxd4 5. Nxd4 Bg7 6. Nc2 d6 7. e4 Bxc3+ 8. bxc3 Nf6 9. f3 Qa5 10. Be2 Qxc3+ 11. Bd2 Qe5 12. 0-0 Be6 13. Kh1 Nd4 14. Bc3 Qh5 15. Nxd4 Bd7 16. Rb1 b6 17. Nb5 0-0 18. Bxf6 exf6 19. Qxd6 Be6 20. Nc7 Rad8 21. Qe7 Rd7 22. Qxf6 Rxc7 23. Rb5 Qh6 24. f4 Bxc4 25. Bxc4 Rxc4 26. e5 Qg7 27. Qd6 Rfc8 28. h3 Qf8 29. Rd5 R4c6 30. Qd7 R8c7 31. Qg4 Rc1 32. Rfd1 Rxd1+ 33. Qxd1 Qb4 34. Rd4 Qb2 35. Rd8+ Kg7 36. Kh2 Rc2 37. Qf3 Rf2 38. Qg4 Qxa2 39. Rd7 Qa4 40. e6 Qxf4+ 41. Qxf4 Rxf4 42. Rxa7 Rf6 43. e7 Re6 44. Rb7 Kf6 45. Rxb6 Kxe7 46. Rb5 f5 47. Rb7+ Kf6 48. Rxh7 Kg5 49. Ra7 1/2-1/2

[Event "NZL-ch op 128th"]
[Site "Palmerston North"]
[Date "2021.01.07"]
[Round "6"]
[White "McLaren, Leonard"]
[Black "Dive, Russell John"]
[Result "1-0"]
[WhiteElo "2141"]
[BlackElo "2271"]
[PlyCount "147"]
[EventDate "2021.01.02"]
[EventType "swiss"]
[EventRounds "9"]
[EventCountry "NZL"]
[SourceTitle "CBM 200 Extra"]
[Source "ChessBase"]
[SourceDate "2021.03.31"]
[SourceVersion "1"]
[SourceVersionDate "2021.03.31"]
[SourceQuality "1"]

1. e4 c6 2. d4 d5 3. e5 Bf5 4. Nf3 e6 5. Be2 h6 6. 0-0 Nd7 7. b3 Ne7 8. Bb2 Bh7 9. c4 Nf5 10. Nc3 Be7 11. Bd3 g5 12. Ne2 Nf8 13. Ng3 Ng7 14. Bxh7 Rxh7 15. cxd5 cxd5 16. Rc1 Ng6 17. Qc2 Rb8 18. Ne1 h5 19. Nd3 h4 20. Ne2 Nf5 21. g4 hxg3 22. hxg3 Kf8 23. Qc7 Qe8 24. Kg2 Kg7 25. Rh1 Rxh1 26. Kxh1 Qb5 27. Qc2 g4 28. Kg2 Bg5 29. Rh1 Rc8 30. Qd1 a5 31. Nef4 Bxf4 32. Nxf4 Qb4 33. a3 Qb6 34. Nxg6 fxg6 35. Qxg4 Rg8 36. Qd1 Rh8 37. Rxh8 Kxh8 38. g4 Ne7 39. Bc1 Kg8 40. Qd3 Kf7 41. Bg5 Nc6 42. Qf3+ Ke8 43. Qf6 Kd7 44. Qf7+ Kc8 45. Qxe6+ Kb8 46. Qg8+ Kc7 47. Qxd5 Qxd4 48. Bd8+ Kc8 49. Qxd4 Nxd4 50. Bxa5 Nxb3 51. Bb4 Nd4 52. f4 Kd7 53. Kf2 Ke6 54. Bc3 Nc6 55. Ke3 Kd5 56. Kd3 b5 57. Ba1 Ne7 58. Bb2 Nc6 59. Bc3 Ne7 60. Bb4 Nc6 61. Bd6 Nd4 62. Kc3 Ne2+ 63. Kb4 Nxf4 64. Kxb5 Ne2 65. a4 Nc3+ 66. Kb4 Ne4 67. a5 Kc6 68. Kc4 g5 69. a6 Nf2 70. e6 Nxg4 71. e7 Nf6 72. Be5 Ne8 73. a7 Kb7 74. Kd5 1-0